Tárgyalási formák az autókölcsönzésben

Bibliographic Details
Main Author: Kovács Réka
Other Authors: Merliot-Almássy Dr. Eszter
Format: Project work
Kulcsszavak:felkészülési stratégia
tárgyalás
tárgyalási taktika
tárgyalási technikák
üzleti tárgyalás(ok)
Online Access:http://dolgozattar.uni-bge.hu/59720

MARC

LEADER 00000nnm a2200000 i 4500
001 dolg59720
005 20260409145455.0
008 260409suuuu hu o 000 hun d
040 |a BGE Dolgozattár Repozitórium  |b hun 
041 |a hu 
100 1 |a Kovács Réka 
245 1 0 |a Tárgyalási formák az autókölcsönzésben  |c Kovács Réka  |h [elektronikus dokumentum] 
516 |a Project_work 
520 3 |a A projektmunka az autókölcsönző szektorban zajló tárgyalásokat megelőző felkészülést, a tárgyalások jelentőségét és módszertanát viszgálja. Bemutatja, hogy a siker kulcsa többek között a tudatos felkészülés, a kommunikációs készségek fejlesztése és a megfelelő tárgyalási statégia kiválasztása. Ismerteti a disztributív és integratív tárgyalási technikákat, azok alkalmazását, valamint az integratív szemlélet szerepét a hosszútávú ügyfélkapcsolatokban. A primer kutatás gyakorlati példákon keresztül szemlélteti hogyan járul hozzá a rugalmasság, az empátia és a digitális eszközök használata a fenntartható üzleti sikerhez. 
695 |a felkészülési stratégia 
695 |a tárgyalás 
695 |a tárgyalási taktika 
695 |a tárgyalási technikák 
695 |a üzleti tárgyalás(ok) 
700 1 |a Merliot-Almássy Dr. Eszter  |e ths 
856 4 0 |u http://dolgozattar.uni-bge.hu/59720/1/A8SXHR%20-%20Kov%C3%A1cs%20R%C3%A9ka%20T%C3%A1rgyal%C3%A1si%20form%C3%A1k%20az%20aut%C3%B3k%C3%B6lcs%C3%B6nz%C3%A9sben%20projektmunka.pdf  |z Dokumentum-elérés 
856 4 0 |u http://dolgozattar.uni-bge.hu/59720/2/KM%20FOSZK%20b%C3%ADr%C3%A1lati%20lap_Kovacs_Reka.pdf  |z Dokumentum-elérés